|
|
|
|
| LEADER |
01189nam a2200277 a 4500 |
| 001 |
0017208 |
| 003 |
BD-DhAAL |
| 008 |
090817s1994 enka 001 0 eng d |
| 010 |
|
|
|a gb 94032714
|
| 020 |
|
|
|a 0194371891
|
| 040 |
|
|
|a UKM
|c UKM
|d IWA
|d BD-DhAAL
|
| 082 |
0 |
4 |
|a 401.93
|2 20
|
| 100 |
1 |
|
|a Ellis, Rod
|
| 245 |
1 |
4 |
|a The study of second language acquisition /
|c Rod Ellis.
|
| 260 |
|
|
|a Oxford :
|b Oxford University Press,
|c 1994.
|
| 300 |
|
|
|a vii, 824 p. :
|b ill. ;
|c 24 cm
|
| 490 |
1 |
|
|a Oxford applied linguistics
|
| 504 |
|
|
|a Includes bibliographical references (p. 730-791) and index
|
| 526 |
|
|
|a ENH
|x Shenin Ziauddin and Nazia Husain
Faculty Members of BRAC University
|
| 541 |
1 |
|
|e 00017208
|a Friends' Book Corner
|
| 650 |
0 |
|
|a Second language acquisition
|
| 830 |
0 |
|
|a Oxford applied linguistics
|
| 852 |
4 |
|
|a Ayesha Abed Library
|c General Stacks
|
| 942 |
|
|
|2 ddc
|c BK
|
| 999 |
|
|
|c 3392
|d 3392
|
| 952 |
|
|
|0 0
|1 0
|2 ddc
|4 0
|6 401_930000000000000_ELL_2002
|7 0
|9 3080
|a BRACUL
|b BRACUL
|c GEN
|d 2009-08-31
|e Friends' Book Corner
|g 6097.00
|l 13
|m 20
|o 401.93 ELL
|p 3010017208
|r 2017-06-07
|s 2017-05-08
|t 1
|w 2009-08-31
|y BK
|x Requisitioned by Shenin Ziauddin and Nazia Husain (Faculty Members of BRAC University)
|